Leadership in palm oil innovations.
| Corporate Author: | |
|---|---|
| Format: | Book |
| Published: |
Selangor:
Malaysian Palm Oil Board(MPOB),
2007.
|
| Subjects: |
| LEADER | 00504cam a2200169 7i4500 | ||
|---|---|---|---|
| 001 | 0000022952 | ||
| 005 | 20090618090000.0 | ||
| 020 | 0 | 0 | |a 978-967-961-133-5 |
| 090 | 0 | 0 | |a M 613.284 |b MAL |
| 110 | 2 | 0 | |a Malaysian Palm Oil Board(MPOB) |
| 245 | 2 | 0 | |a Leadership in palm oil innovations. |
| 260 | 0 | 0 | |a Selangor: |b Malaysian Palm Oil Board(MPOB), |c 2007. |
| 300 | # | # | |a 102 p. |
| 650 | 0 | 0 | |a Palm oil |
| 650 | 0 | 0 | |a Malaysian palm oil industry |
| 651 | 0 | 0 | |a Malaysia |
| 999 | |a 0000023672 |b Book |c Malaysia |e Business Information Centre | ||


